| 000 | 01711nam0a2200361 i 4500 | ||
|---|---|---|---|
| 001 | RU\NLR\BIBL_A\011147186 | ||
| 005 | 20241102215153.0 | ||
| 010 |
_a9785696047966 _9100 |
||
| 021 |
_aRU _b2016-41572 _92668 |
||
| 035 | _a(NILC)RuMoRGB-008493103 | ||
| 035 | _a(NLR Aleph) 011147186 | ||
| 090 |
_a11651278 _c11651278 |
||
| 100 | _a20160606d2015 k y0rusy50 ca | ||
| 101 | 0 | _arus | |
| 102 | _aRU | ||
| 105 | _aa|||z|||000yy | ||
| 200 | 1 |
_aНаучные и технологические основы выплавки хромсодержащих сплавов с использованием некондиционного минерального сырья Казахстана _eмонография _fК. К. Каскин _gМ-во образования и науки Республики Казахстан, Актюбинский региональный гос. ун-т им. К. Жубанова |
|
| 210 |
_aЧелябинск _cИздательский центр ЮУрГУ _d2015 |
||
| 215 |
_a230, [1] с. _cил. _d25 |
||
| 320 | _aБиблиогр. в конце кн. (320 назв.) | ||
| 606 | 1 |
_aХромитовые руды _xВосстановление _92018677 _3RU\NLR\AUTH\66928805 |
|
| 606 | 1 |
_aСталь _xЛегирование хромом _91708808 _3RU\NLR\AUTH\661059066 |
|
| 606 |
_aРудно-термические печи для никеля _91735672 _3RU\NLR\AUTH\66776179 |
||
| 675 | _a669 | ||
| 686 | 1 | _aК327.03-17 | |
| 686 | 1 | _aК325.03-14 | |
| 686 | 1 | _aК342.241.03 | |
| 700 | 1 |
_aКаскин _bК. К. _gКуат Камарович |
|
| 801 | 0 |
_aRU _bРГБ _c20160520 _gRCR |
|
| 942 | _cBOOK | ||
| 980 | _aNBR | ||